Sueña pilarín : (Registro nro. 31815)
[ vista simple ]
| 000 -CABECERA | |
|---|---|
| campo de control de longitud fija | 00585nam a2200193 a 4500 |
| 001 - NÚMERO DE CONTROL | |
| campo de control | 000032324 |
| 005 - FECHA Y HORA DE LA ÚLTIMA TRANSACCIÓN | |
| campo de control | 20240530073920.0 |
| 008 - DATOS DE LONGITUD FIJA--INFORMACIÓN GENERAL | |
| campo de control de longitud fija | 110714s1925 es 000 f spa d |
| 040 ## - FUENTE DE LA CATALOGACIÓN | |
| Centro catalogador/agencia de origen | DO-SdBNP |
| Lengua de catalogación | spa |
| Centro/agencia transcriptor | BNPHU |
| 082 ## - NÚMERO DE LA CLASIFICACIÓN DECIMAL DEWEY | |
| Número de clasificación | RD863.42 |
| Número de documento/Ítem | M516s |
| 049 ## - FONDOS LOCALES (OCLC) | |
| Fondos de biblioteca | BNPD |
| 100 1# - ENTRADA PRINCIPAL--NOMBRE DE PERSONA | |
| Nombre de persona | Mejía de Fernández, Abigaíl, |
| Fechas asociadas al nombre | 1895-1941 |
| 9 (RLIN) | 23312 |
| 245 10 - MENCIÓN DE TÍTULO | |
| Título | Sueña pilarín : |
| Resto del título | novela / |
| Mención de responsabilidad, etc. | Abigail Mejía. |
| 260 ## - PUBLICACIÓN, DISTRIBUCIÓN, ETC. | |
| Lugar de publicación, distribución, etc. | Barcelona : |
| Nombre del editor, distribuidor, etc. | Altés, |
| Fecha de publicación, distribución, etc. | 1925. |
| 300 ## - DESCRIPCIÓN FÍSICA | |
| Extensión | 241 p. ; |
| Dimensiones | 21 cm. |
| 650 #0 - PUNTO DE ACCESO ADICIONAL DE MATERIA--TÉRMINO DE MATERIA | |
| Término de materia o nombre geográfico como elemento de entrada | Novela dominicana |
| 9 (RLIN) | 223 |
| 650 #0 - PUNTO DE ACCESO ADICIONAL DE MATERIA--TÉRMINO DE MATERIA | |
| Término de materia o nombre geográfico como elemento de entrada | Literatura dominicana. |
| 9 (RLIN) | 67 |
| 910 ## - DATOS DE OPCIÓN DEL USUARIO (OCLC) | |
| Datos de opción del usuario | Validado. Control de calidad EMS. |
| Estado de retiro | Estado de pérdida | Restricciones de uso | No para préstamo | Código de colección | Localización permanente | Ubicación/localización actual | Ubicación en estantería | Fecha de adquisición | Número de inventario | Total de préstamos | Signatura topográfica completa | Código de barras | Fecha visto por última vez | Precio válido a partir de | Tipo de ítem Koha | Nota pública | Número de copia |
|---|---|---|---|---|---|---|---|---|---|---|---|---|---|---|---|---|---|
| Excluido de préstamo | Raros y valiosos | Patrimonio Dominicano | Patrimonio Dominicano | Depósito | 14.07.2011 | LF1 | RD863.42 M516s | 32324-10 | 25.06.2020 | 25.06.2020 | No se presta | Perteneció a la biblioteca personal Martínez Boog. Autografiado por la autora | |||||
| Excluido de préstamo | Raros y valiosos | Patrimonio Dominicano | Patrimonio Dominicano | Depósito | 08.04.2014 | LF1 | RD863.42 M516s | 32324-20 | 25.06.2020 | 25.06.2020 | No se presta | e. 2 | |||||
| Raros y valiosos | Patrimonio Dominicano | Patrimonio Dominicano | Depósito | 08.04.2014 | LF1 | RD863.42 M516s | 32324-30 | 25.06.2020 | 25.06.2020 | Préstamo en sala | e. 3 |
